000 01076 a2200313 4500
999 _c74029
_d22209
001 74029
003 TR-AnTOB
005 20231201001323.0
008 090310s1996 tu 00000 tur
040 _aTR-AnTOB
_cTR-AnTOB
041 _atur
050 _aKKX1347
_b.K36 1996
090 _aKKX1347 .K36 1996
245 0 _aKamu kesiminde çalışan işçilere verilen ikramiye ve ilave tediyeler /
_cT.C. Maliye Bakanlığı Bütçe ve Mali Kontrol Genel Müdürlüğü.
264 1 _aAnkara :
_bMaliye Bakanlığı,
_c1996.
300 _avii, 67 s. :
_btabl.;
_c25 cm.
336 _2rdacontent
_atext
_btxt
337 _2rdamedia
_aunmediated
_bn
338 _2rdacarrier
_avolume
_bnc
490 0 _aMaliye Bakanlığı Bütçe ve Mali Kontrol Genel Müdürlüğü ;
_v1994/20
590 _aSn. Ahmet Şağar tarafından bağışlanmıştır.
650 _aLabor laws and legislation
_zTurkey
_919093
650 7 _aİş hukuku ve mevzuatı
_zTürkiye
_2
_958185
902 _a0027943
903 _aMerkez Kütüphane
942 _cBK
_2lcc
945 _aBS